00500nam a2200145 a 450000500170000000800410001705000220005824500320008025000210011226000430013330000320017650000730020865000370028165000360031820140414131931.0101207s19uu xx 00 eng d aREF 508bD65 1998 aThe DK nature encyclopedia. a1st American ed. aNew York :bDorling Kindersley,c1998. a304 p. : col. ill. ; 29 cm. aCovers the processes and life forms of the natural world from A to Z aNaturexEncyclopedias, Juvenile. aNatural historyxEncyclopedias.